|
|
|
|
| LEADER |
01302nam a2200301 a 4500 |
| 001 |
GR-MES12984 |
| 008 |
070905s nyu b 001 0 gre d |
| 020 |
|
|
|a 038736952X
|
| 040 |
|
|
|a GrPaTEI
|b gre
|c GR-PaULI
|
| 040 |
|
|
|a GrPaTEI
|b gre
|c GR-PaULI
|
| 082 |
|
0 |
|a 338.180
|
| 245 |
0 |
0 |
|a Regulating agricultural biotechnology :
|b Economics and policy ; edited by Richard E. Just ; Julian M. Alston.
|
| 260 |
|
|
|a New York :
|b Springer,
|c 2006
|
| 300 |
|
|
|a viii
|a 732σ. :
|b εικ. ;
|c 24εκ.
|
| 490 |
0 |
|
|a Natural resource management and policy. 30
|
| 504 |
|
|
|a Περιλαμβάνει βιβλιογραφίες και ευρετήριο.
|
| 650 |
|
0 |
|a Agricultural biotechnology
|
| 650 |
|
4 |
|a Βιοτεχνολογία
|x Γεωργία
|
| 650 |
|
4 |
|a Γεωργία και κράτος
|
| 650 |
|
4 |
|a Γεωργία
|x Οικονομικές απόψεις
|
| 653 |
|
|
|a Agriculture--Economic aspects
|
| 700 |
1 |
|
|a Alston, Julian M.
|
| 700 |
1 |
|
|a Just, Richard E.
|
| 700 |
1 |
|
|a Zilberman, David,
|d 1947-
|
| 942 |
|
|
|2 ddc
|
| 952 |
|
|
|0 0
|1 0
|2 ddc
|4 0
|6 338_180000000000000_REG
|7 0
|9 271528
|a MSLG
|b MSLG
|c BSC
|d 2021-01-17
|e 24
|f 0
|g 0.00
|l 0
|o 338.180 REG
|p 2420000022238
|r 2021-01-17 00:00:00
|t 1
|w 2021-01-17
|y BK15
|x 20070905 0 ΜΑΤΣΙΩΡΗ 1
|x GrPaTEI
|
| 971 |
|
|
|a .b25790316
|b 01-10-20
|c 13-09-16
|
| 999 |
|
|
|c 156865
|d 156865
|